000 00556pab a2200181 454500
008 180718b2003 xxu||||| |||| 00| 0 eng d
100 _aManji, Ambreena
245 _aCapital, labour and land relations in Africa: a gender analysis of the World Bank's Policy Research Report on Land Institutions and land policy
260 _c2003
300 _ap.97-114.
362 _aFeb
650 _aLabour - Africa
650 _aCapital - Africa
650 _aLand reform - Africa
650 _aLand reform
773 _aThird World Quarterly
909 _a56396
999 _c56396
_d56396